000 00420nam a2200145Ia 4500
008 220216s9999 xx 000 0 und d
100 _aAbdulla I
245 0 _aExploring relationships between rubber productivity and R&D in Malaysia
260 _bOutlook on Agriculture
_c2017
650 _aMalaysia
650 _aRubber productivity
700 _aFatimah Mohamed Arshad
856 _uOnline. Abst only
942 _cJS
999 _c59150
_d59150